| 000 | 00454 a2200109 4500 | ||
|---|---|---|---|
| 020 | _a0727728180 | ||
| 082 | _a620.136 DHI | ||
| 245 |
_aRole of interfaces in concrete : _bproceedings of the international seminar held at the University of Dundee, Scotland, UK on 7 September 1999 / _cedited by Ravindra K. Dhir and Peter C. Hewlett. |
||
| 260 |
_aLondon : _bT. Telford, _c1999. |
||
| 300 |
_axv, 222 p. : _bill. ; _c24 cm. |
||
| 650 | _aConcrete | ||
| 650 | _aInterfaces (Physical sciences) | ||
| 999 |
_c860 _d860 |
||